00898nam a2200253Ia 450000500170000000800390001702000180005604100080007408200190008210000370010124501450013825000220028326400310030530000260033633600270036233700330038933800280042250400270045065000590047765000460053694200120058204000350059499900150062920220317001808.0170328s2015 ck g 000 0 spa a9789587574951 aspa04a320.9861bA73p1 aArizmendi Posada, Ignaciod1944-14aLos presidentes, esos hombresbinfidencias y veleidades de algunos de los más recordados mandatarios colombianoscIgnacio Arizmendi Posada aPrimera edición 1aBogotábIntermedioc2015 a240 páginasc24 cm. atextobtxt2rdacontent asin mediaciónbn2rdamedia avolumenbnc2rdacarrier aIncluye bibliografía142LEMBaColombiaxPolítica y gobiernoySiglos XIX - XX142LEMBaPresidentesySiglo XIX-XXzColombia 2ddccBK aCO-BoRNBPbspaerdacCO-BoRNBP c8125d8125